000 00602aam a2200241 4500
005 20250820111947.0
008 150407b xxu||||| |||| 00| 0 spa d
020 _a9977123837
041 _aESP
082 _a CR 861.44 L434a
100 _aLeal Arrieta, Edgar
_921798
245 _aAromas de Guayacán en flor
260 _aCosta Rica
260 _bE. Leal A.
260 _c1999
300 _a135 páginas
490 _aTEMÁTICA GENERAL
650 _aTEMÁTICA GENERAL
650 _aPOESÍA COSTARRICENSE
650 _aLITERATURA COSTARRICENSE
650 _aCOSTA RICA
942 _cBK
_2ddc
999 _c950
_d950